| 000 | 01781cam a22003015a 4500 | ||
|---|---|---|---|
| 001 | L152324 | ||
| 002 | 18591 | ||
| 008 | 101115s2010 xxk f 001 0 eng d | ||
| 020 | _a9780080966892 | ||
| 035 | _a(Sirsi) u152324 | ||
| 041 | 0 | _aeng | |
| 050 | 0 | 4 | _a336.2 $2 18 |
| 100 | 1 | _aBond, Patrick H. | |
| 245 | 0 | 0 |
_aRating valuation _bprinciples and practice _h[electronic resource] |
| 250 | _a3rd ed. | ||
| 260 |
_bEstates Gazette _c2010 |
||
| 300 | _aeBook | ||
| 505 | 2 | _aIntroduction -- The rateable occupier -- The hereditament -- The domestic/non-domestic borderline -- Exemption and reliefs -- The basis of valuation -- Rental analysis and valuation -- The contractor's basis -- Receipts and expenditure -- Receipts and expenditure -- The valuation of shops -- The valuation of offices -- The valuation of factories, workshops and warehouses -- The valuation of plant and machinery -- The valuation of other types of property -- The 2010 ratiing lists: preparation, alteration and appeals -- Rating administration, collection and enforcement -- The empty property rate -- The council tax. | |
| 520 | _aA comprehensive reference book for suveyors and students. The third edition of this book updates the reader on the changes the 2010 Rating Revaluation, developments in case law, the new appeals regulations and current approaches to valuing classes of hereditament. Also, includes differences between England and Wales. | ||
| 520 | _aSupersedes the 2nd edition (ISBN 0728204924 ) | ||
| 521 | _aAdvanced | ||
| 650 | 2 | 4 | _aEBOOK |
| 651 | 4 |
_aEngland and Wales _y1543- |
|
| 690 | _aPROPERTY-PROPERTY TAXATION | ||
| 700 | 1 | _aBrown, Peter K. | |
| 856 | 4 | 0 |
_uhttps://www.vlebooks.com/ _zView on VLEbooks. Logins for members only from [email protected] |
| 942 | _n0 | ||
| 999 |
_c111998 _d111998 |
||